00642nam a2200193 a 450000100100000000500170001000800410002702000150006804000250008308200150010810000270012324500410015025000130019126000400020430000280024450000450027295201140031799900170043100003551220200930074410.0111102s1991 sp a 001 0 spa d a8430520457 aDO-SdBNPbspacBNPHU axxxxbxxxx1 aSerrano, Blanca96139710aCocina española /cBlanca Serrano. a32a. ed. aMadrid, España :bSusaeta,c1991. a359 p. :bil. ;c23 cm. aIncluye índice alfabético de recetas 0010507-18MOaGRbGRcOId2011-11-02iLF1l0oxxxx xxxxp35512-10r2020-06-25w2020-06-25y1ZNo se presta c35003d35003